[Event "St Petersburg Korchnoi Memorial op"]
[Site "St Petersburg"]
[Date "2019.08.18"]
[Round "5"]
[White "Vetokhina, Sofia"]
[Black "Korobitsyna, Olesya"]
[Result "1/2-1/2"]
[WhiteElo "1521"]
[BlackElo "1816"]
[PlyCount "86"]
[EventDate "2019.08.14"]
[EventType "swiss"]
[EventRounds "9"]
[EventCountry "RUS"]
[SourceTitle "CBM 192"]
[Source "ChessBase"]
[SourceDate "2019.10.31"]
[SourceVersion "1"]
[SourceVersionDate "2019.10.31"]
[SourceQuality "1"]

1. d4 Nf6 2. c4 g6 3. Nc3 Bg7 4. e4 d6 5. Be2 0-0 6. Bg5 Na6 7. Nf3 h6 8. Bf4 c6 9. 0-0 Nh5 10. Be3 e5 11. dxe5 dxe5 12. c5 Nc7 13. b4 Ne6 14. Nd2 Nhf4 15. Nc4 Nxe2+ 16. Nxe2 Nd4 17. Nd6 Nxe2+ 18. Qxe2 Qe7 19. a4 Be6 20. Rfd1 Rfd8 21. Rd2 Kh7 22. b5 Qc7 23. bxc6 bxc6 24. Rb1 Rab8 25. Rdb2 Rxb2 26. Qxb2 g5 27. g3 Kg6 28. f3 Bf6 29. g4 Bg7 30. Qb7 Qxb7 31. Rxb7 Rd7 32. Rxd7 Bxd7 33. Nf5 Bxf5 34. gxf5+ Kf6 35. a5 a6 36. Kg2 Bf8 37. h4 Kg7 38. hxg5 hxg5 39. Kg3 f6 40. Kg4 Be7 41. Kh5 Bd8 42. Bd2 Be7 43. Be3 Bd8 1/2-1/2

[Event "Badalona Castella op-B 45th"]
[Site "Badalona"]
[Date "2019.08.05"]
[Round "4.3"]
[White "Korobitsyna, Olesya"]
[Black "Fabregas Fontanet, Antonio"]
[Result "1-0"]
[WhiteElo "1816"]
[BlackElo "1896"]
[PlyCount "63"]
[EventDate "2019.08.02"]
[EventType "swiss"]
[EventRounds "9"]
[EventCountry "ESP"]
[SourceTitle "EXT 2024"]
[Source "ChessBase"]
[SourceDate "2023.10.10"]
[SourceVersion "1"]
[SourceVersionDate "2023.10.10"]
[SourceQuality "1"]

1. d4 Nf6 2. Nf3 d6 3. c4 g6 4. Nc3 Bg7 5. e4 0-0 6. Be2 b6 7. 0-0 Bb7 8. Qc2 Nbd7 9. Ne1 e5 10. d5 c6 11. Be3 cxd5 12. cxd5 Rc8 13. Qd2 Nc5 14. f3 a6 15. Nd3 Nfd7 16. b4 Nxd3 17. Bxd3 f5 18. Rac1 f4 19. Bf2 g5 20. Qe2 Ra8 21. Rc2 a5 22. Nb5 Rf6 23. Nc7 Rc8 24. Ne6 Qe8 25. bxa5 bxa5 26. Rb1 Ba8 27. Ba6 Rxc2 28. Qxc2 Bf8 29. Qc8 Qf7 30. Qxa8 g4 31. Rb7 gxf3 32. Bb5 1-0

[Event "Pardubice Czech op-C 30th"]
[Site "Pardubice"]
[Date "2019.07.24"]
[Round "6"]
[White "Korobitsyna, Olesya"]
[Black "Palamarchuk, Andrey"]
[Result "0-1"]
[WhiteElo "1609"]
[BlackElo "1893"]
[PlyCount "90"]
[EventDate "2019.07.20"]
[EventType "swiss"]
[EventRounds "9"]
[EventCountry "CZE"]
[SourceTitle "EXT 2020"]
[Source "ChessBase"]
[SourceDate "2019.10.17"]
[SourceVersion "1"]
[SourceVersionDate "2019.10.17"]
[SourceQuality "1"]

1. d4 f5 2. Nf3 Nf6 3. c4 g6 4. g3 Bg7 5. Bg2 0-0 6. 0-0 d6 7. Qc2 Nh5 8. Nc3 c6 9. Rd1 Qe8 10. h3 e5 11. dxe5 dxe5 12. e4 Na6 13. Qe2 f4 14. g4 Nf6 15. b3 Qe7 16. Bb2 Ne8 17. a3 Nec7 18. b4 h5 19. gxh5 gxh5 20. b5 Nc5 21. a4 N7e6 22. Na2 Ng5 23. Ba3 b6 24. Kh2 Nxf3+ 25. Qxf3 Qh4 26. Bxc5 bxc5 27. bxc6 Bg4 28. Qd3 Bxd1 29. Qd5+ Kh8 30. Qxd1 f3 31. Bxf3 Rad8 32. Qe2 Qf4+ 33. Kg1 Qxf3 34. Qxf3 Rxf3 35. Rb1 Rc8 36. Nc1 Rxc6 37. Rb7 Ra3 38. Ne2 Rg6+ 39. Kh2 Ra2 40. Rxa7 Rxe2 41. Ra8+ Kh7 42. a5 Rxf2+ 43. Kh1 Rd6 44. Kg1 Rb2 45. a6 Rd1# 0-1

[Event "Pardubice Czech op-C 30th"]
[Site "Pardubice"]
[Date "2019.07.20"]
[Round "1"]
[White "Korobitsyna, Olesya"]
[Black "Fisar, Josef"]
[Result "1/2-1/2"]
[WhiteElo "1609"]
[BlackElo "2081"]
[PlyCount "142"]
[EventDate "2019.07.20"]
[EventType "swiss"]
[EventRounds "9"]
[EventCountry "CZE"]
[SourceTitle "EXT 2020"]
[Source "ChessBase"]
[SourceDate "2019.10.17"]
[SourceVersion "1"]
[SourceVersionDate "2019.10.17"]
[SourceQuality "1"]

1. d4 g6 2. Nf3 Bg7 3. c4 c5 4. d5 d6 5. e4 Bg4 6. Be2 Bxf3 7. Bxf3 Nf6 8. 0-0 0-0 9. Nc3 Nbd7 10. a3 a6 11. Qc2 Qc7 12. Be2 e6 13. Be3 exd5 14. exd5 Rfe8 15. Rac1 Re7 16. b4 Rae8 17. bxc5 Nxc5 18. Na4 Nfd7 19. Bg4 f5 20. Bf3 Qa5 21. Nxc5 Nxc5 22. Bxc5 Qxc5 23. Qb3 Bd4 24. g3 Qa5 25. Qb4 Qc7 26. Rcd1 Bc5 27. Qb2 Qa5 28. Rd3 Re1 29. Qc3 Qb6 30. Qd2 Qb1 31. Bd1 Rxf1+ 32. Kxf1 b6 33. Qc2 Qa1 34. Qc3 Qa2 35. Qc2 Qa1 36. Qc3 Qb1 37. Qc2 Qxc2 38. Bxc2 Re4 39. Rc3 Rd4 40. Bd3 f4 41. Ke2 Kg7 42. Kf3 g5 43. g4 h6 44. Rb3 a5 45. h3 Kf6 46. Rc3 Kf7 47. Rb3 Kg7 48. Rc3 Kf6 49. Rb3 a4 50. Rc3 Ke5 51. Ke2 f3+ 52. Ke1 Rf4 53. Bf5 h5 54. Bd7 Kd4 55. Kd2 Ke4 56. Bf5+ Ke5 57. Ke1 h4 58. Bd7 Re4+ 59. Kf1 Kf4 60. Bxa4 Rd4 61. Ke1 Re4+ 62. Kf1 Re2 63. Rc2 Rxc2 64. Bxc2 Bxa3 65. Ba4 Bc5 66. Bb5 Ke4 67. Ke1 Kd3 68. Ba6 Kc3 69. Bb5 Bd4 70. Ba6 Be5 71. Bb5 Kd4 1/2-1/2